Teatro para niños : (Registro nro. 8274)

Detalles MARC
000 -LIDER
fixed length control field 01408nam a22002777a 4500
001 - NÚMERO DE CONTROL
Identificador de número de control 074
003 - IDENTIFICACDOR DE NÚMERO DE CONTROL
control field DO-SdBNP
005 - DATE AND TIME OF LATEST TRANSACTION
control field 20240424132703.0
007 - CAMPOS FIJOS DE DESCRIPCIÓN FÍSICA
fixed length control field 074
008 - ELEMENTOS DE LONGITUD FIJA
fixed length control field 150918b2011 sp 00| 0 spa d
020 ## - ISBN
International Standard Book Number 9789876080958 (o.c)
040 ## - FUENTE DE CATALOGACIÓN
Agencia que crea de manera original el registro BPMSU
Idioma de catalogación spa
Agencia que realiza la transcripción BPMSU
082 #4 - NÚMERO DE CLASIFICACIÓN DECIMAL DE DEWEY
Classification number 372.66
Item number S628t 2011
Edition number 22
100 1# - ASIENTO PRINCIPAL -- NOMBRE PERSONAL
Nombre personal Skilton, Graciela
245 10 - MENCIÓN DE TITULO
Título Teatro para niños :
Subtítulo confección, obras y actividades /
Mención de responsabilidad Graciela Skilton; ilustraciones Paola Franco
246 14 - VARIACION DEL TÍTULO
Título propiamente dicho o título corto Teatro para niños :
Subtítulo vestuario, obras y actividades
260 ## - PUBLICACIÓN, DISTRIBUCIÓN, ETC. (PIE DE IMPRENTA)
Lugar de publicación, distribución, etc Argentina
Nombre del editor, distribuidor, etc. Lexus
Fecha de publicación, distribución, etc 2011
300 ## - DESCRIPCIÓN FÍSICA
Extensión 248 p. :
Otros detalles físicos il., + CD
Dimensiones 32 cm.
506 ## - NOTA DE RESTRICCIONES DE ACCESO
Términos que rigen el acceso "La obra Teatro para niños es una valiosa herramienta pedagógica que corrobora la efectividad de la enseñanza a través de los medios audiovisuales. Una obra para que los niños se diviertan actuando con mucha magia y color. Consiste de 15 Obras de teatro para representar, material ideal para profesores, docentes de teatro que están comenzando a enseñar en colegios de nivel inicial/ primario, etc. Ejemplar que contiene actividades, obras diversas, consejos para abordar una función teatral, gráficos que muestran los diferentes vestuarios y mas..."
590 ## - NOTA LOCAL
Texto de la nota local Inventariado, 2024/VM
650 #4 - ENCABEZAMIENTO DE MATERIA--TEMÁTICO
Término temático o nombre geográfico como elemento de entrada Teatro escolar e infantil
650 #4 - ENCABEZAMIENTO DE MATERIA--TEMÁTICO
Término temático o nombre geográfico como elemento de entrada Teatro
Subdivisión temática general estudio y enseñanza
700 10 - ASIENTO SECUNDARIO -- NOMBRE PERSONAL
Nombre personal Franco, Paola,
Mención de responsabilidad il.
910 ## - VALIDACIÓN
Validación VMateo V. Control de calidad. BPMSU
942 ## - ADDED ENTRY ELEMENTS (KOHA)
Source of classification or shelving scheme Dewey Decimal Classification
Koha item type Libros
Existencias
Withdrawn status Lost status Source of classification or shelving scheme Damaged status Not for loan Collection code Home library Current library Date acquired Source of acquisition Total Checkouts Full call number Barcode Date last seen Copy number Price effective from Koha item type
    Dewey Decimal Classification     Colección Infantil General Biblioteca Pública Metropolitana Salomé Ureña Biblioteca Pública Metropolitana Salomé Ureña 09/18/2015 Compra   BPMSU CGI 372.66 S628t 2011 BPMSU15090130 09/18/2015 09/18/2015 Libros
    Dewey Decimal Classification     Colección Infantil General Biblioteca Pública Metropolitana Salomé Ureña Biblioteca Pública Metropolitana Salomé Ureña 09/14/2016 Compra   BPMSU CGI 372.66 S628t 2011 BPMSU16090249 09/14/2016 e.2 09/14/2016 Libros
    Dewey Decimal Classification     Colección Infantil General Biblioteca Pública Metropolitana Salomé Ureña Biblioteca Pública Metropolitana Salomé Ureña 09/14/2016 Compra   BPMSU CGI 372.66 S628t 2011 BPMSU16090250 09/14/2016 e.3 09/14/2016 Libros